00290nam a2200109Ia 4500008004100000100001900041245004400060250000800104260004200112300000800154650001800162191201s2006 xx 000 0 und d aSINDHI, Gautam 0aFlaunt Your Style with Elaborate Essays a1st aN.DelhibBlack Rose Publicationc2006 a256 aGeneral Books